Spomienky generála Asmolova Vyšlo augustové číslo Sovietskej literatúry

Bibliographic Details
Main Author: red (Author)
Format: Article
Language:Slovak
Subjects:

MARC

LEADER 00000nab a2200000 a 4500
001 vtls000038497
003 SK-MaSNL
005 20260303023347.0
008 150430c1979 xo 0 slo
015 |a SNBRB19rr/mm-uuuuu 
035 |a CL0048592 
040 |a SNKBUCL  |b slo  |c SNKBUCL  |e AACR2 
041 0 |a slo 
044 |a xo  |c SK 
080 |a 82:05:882  |2 1981 
080 |a 05  |2 1981 
080 |a 882  |2 1981 
100 1 |a red.  |4 aut  |9 848321 
245 1 0 |a Spomienky generála Asmolova  |b Vyšlo augustové číslo Sovietskej literatúry  |c red. 
650 0 7 |a literárne časopisy  |2 snkbucl  |9 58409 
650 0 7 |a Sovietska literatúra (časopis)  |2 snkbucl  |9 1001872 
655 7 |a články z novín a časopisov  |2 snkbucl  |9 267496 
655 7 |a články z odboru literárna veda a krásna literatúra  |2 snkbucl  |9 770045 
773 0 |t Večer  |g Roč. 11, č. 152 (6. 8. 1979), s. 2 
850 |a Slovenská národná knižnica v Martine  |a MTA001 
852 |a SNK  |b KIS3GCP 
958 |a RK 
958 |a LX 
958 |a SK 
992 |a RBX 
999 |c 1634018  |d 1635948